00788nam a22002297a 450000100060000000300080000600500170001400800410003103500190007204000260009104100080011708200270012511000490015224500950020125000120029626000670030830000260037550400190040165000310042065000530045165000540050449887BD-RjUL20211209075428.0160823s1951 bg a|||| |||| 001 0 eng d a(BD-RjUL)50007 aBD-RjULbengcBD-RjUL aeng04a351.5492bCIV 1951223 aGovernment of Bangladesh Ministry of finance04aThe Civil Service Regulations Relating To Salary, Leave, penson and Travellihg Allowance / a1st ed. aKarachi :bGovernment of Bangladesh Ministry of finance,c1951 a[6], 335p. ;.c23 cm. aIncludes Index07aCivil Service zBangladesh07aBangladesh-- Officials and employees -- Salaries07aBangladesh -- Officials and employees -- Pensions